25 Biggest US Cities, Great Depression - Statistics

General Stats
  • This quiz has been taken 249 times
  • The average score is 17 of 25
Answer Stats
Population City % Correct
6,930,446 New York City
99%
1,238,048 Los Angeles
94%
3,376,438 Chicago
93%
1,950,961 Philadelphia
86%
781,188 Boston
85%
1,568,662 Detroit
84%
634,394 San Francisco
83%
900,429 Cleveland
76%
486,869 Washington
75%
669,817 Pittsburgh
74%
804,874 Baltimore
70%
365,583 Seattle
70%
821,960 St. Louis
68%
451,160 Cincinnati
67%
364,161 Indianapolis
65%
458,762 New Orleans
62%
573,076 Buffalo
59%
464,356 Minneapolis
59%
399,746 Kansas City
58%
578,249 Milwaukee
55%
301,815 Portland
54%
307,745 Louisville
43%
442,337 Newark
40%
328,132 Rochester
40%
316,715 Jersey City
25%
No matching quizzes found
Score Distribution
Percent of People with Each Score
Percentile by Number Answered
Your Score History
You have not taken this quiz